CCNP security firewall 642-618 official certification guide :Cisco Certified Network Professional security firewall 642-618 official certification guide with cd (Record no. 11046)
[ view plain ]
| 000 -LEADER | |
|---|---|
| fixed length control field | 00560 a2200157 4500 |
| 020 ## - INTERNATIONAL STANDARD BOOK NUMBER | |
| International Standard Book Number | 9781587142710 |
| 082 ## - DEWEY DECIMAL CLASSIFICATION NUMBER | |
| Classification number | 005.8 |
| 090 ## - LOCALLY ASSIGNED LC-TYPE CALL NUMBER (OCLC); LOCAL CALL NUMBER (RLIN) | |
| -- | 7243 |
| -- | 7243 |
| 100 ## - MAIN ENTRY--PERSONAL NAME | |
| Personal name | Hucaby, Dave |
| 245 ## - TITLE STATEMENT | |
| Title | CCNP security firewall 642-618 official certification guide :Cisco Certified Network Professional security firewall 642-618 official certification guide with cd |
| Statement of responsibility, etc. | Dave Hucaby |
| 260 ## - PUBLICATION, DISTRIBUTION, ETC. | |
| Place of publication, distribution, etc. | USA |
| Name of publisher, distributor, etc. | Pearson education |
| Date of publication, distribution, etc. | 2012 |
| 300 ## - PHYSICAL DESCRIPTION | |
| Extent | 812 p. |
| 650 ## - SUBJECT ADDED ENTRY--TOPICAL TERM | |
| Topical term or geographic name entry element | Electronic data processing personnel--Certification--Study guides. |
| 700 ## - ADDED ENTRY--PERSONAL NAME | |
| Personal name | Dave Hucaby |
| 942 ## - ADDED ENTRY ELEMENTS (KOHA) | |
| Koha item type | Book |
| Call number prefix | 005.8 HUC |
| Withdrawn status | Lost status | Damaged status | Not for loan | Collection code | Permanent Location | Current Location | Shelving location | Date acquired | Source of acquisition | Cost, normal purchase price | Total Checkouts | Full call number | Barcode | Date last seen | Date last checked out | Price effective from | Koha item type |
|---|---|---|---|---|---|---|---|---|---|---|---|---|---|---|---|---|---|
| Central Library (CL) | Central Library (CL) | First Floor - Artificial Intelligence/Data Mining | 08/06/2012 | Allied Book Company | 5444.44 | 3 | 005.8 HUC | SEECS011487 | 05/15/2024 | 04/20/2024 | 01/05/2017 | Book |
